War, battering, and other sports : the gulf between American men and women
Αποθηκεύτηκε σε:
| Κύριος συγγραφέας: | |
|---|---|
| Μορφή: | Βιβλίο |
| Γλώσσα: | English |
| Δημοσίευση: |
new Jersey :
Humanities Press,
c1995
|
| Σειρά: | Society/religion/religion/society
|
| Θέματα: | |
| Ετικέτες: |
Προσθήκη ετικέτας
Δεν υπάρχουν, Καταχωρήστε ετικέτα πρώτοι!
|
MARC
| LEADER | 00000nam a2200000 i 4500 | ||
|---|---|---|---|
| 001 | 1/90508 | ||
| 008 | 990927s1995 eng d | ||
| 020 | |a 0-391-03882-6 | ||
| 035 | |l 10053137 | ||
| 040 | |a GR-MY-UA |b gre |e aacr | ||
| 041 | 0 | |a eng | |
| 082 | 0 | |a 155.332 | |
| 100 | 1 | |a McBride, James. | |
| 245 | 1 | 0 | |a War, battering, and other sports : |b the gulf between American men and women / |c James McBride |
| 260 | |a new Jersey : |b Humanities Press, |c c1995 | ||
| 300 | |a 220 p. | ||
| 490 | 1 | |a Society/religion/religion/society | |
| 504 | |a Includes bibliographical references and index | ||
| 650 | 0 | 0 | |a Men |x Psychology. |
| 650 | 0 | 0 | |a Masculinity. |
| 650 | 0 | 0 | |a Abusive men. |
| 650 | 0 | 0 | |a Football |x Social aspects. |
| 650 | 0 | 0 | |a War and society. |
| 650 | 0 | 0 | |a Man-woman relationships. |
| 830 | 0 | |a Society/religion/religion/society | |
| 852 | |a INST |b LESVOS |e 19990927 |h 155.332 MCB |p 005100019414 |q 005100019414 |t BK |y 0 | ||
| 901 | |a BIBL1-1999-3 | ||
| 909 | |a Λ |b 066747 | ||
| 922 | |a 1ΕΛΗ |b 199907 |c ΚΠΣ/ΤΚ |d ΠΑΠΑΣΩΤΗΡΙΟΥ | ||
| 950 | |a 103-1998-07-27 | ||
| 970 | |a ΜΟΥΣΤΑΚΑ |b ΠΗΝΕΛΟΠΗ |z 1999/09/28 | ||